00912nac a22002411u 4500010001600000020001500016082001700031090001500048100003400063245005700097260003700154300003500191490005600226500004000282500002800322504005100350518002800401650004300429830005900472942001900531999001500550952010500565 a 89008946 a047163147700a658.514bSAN c5862d5862 aSankar, Yassin. 10aManagement of technological change /cYassin Sankar. aNew York :bWiley,c1991.cc1991. axxvi, 374 p. :bill. ;c25 cm.1 aWiley series in engineering & technology management a"A Wiley-Interscience publication." aDistributer : Al-Ahram. aIncludes bibliographical references and index. aCatalogued By: Mahitab. 0aTechnological innovationsxManagement. 0aWiley series in engineering and technology management. cBBk658.514SAN c5862d5862 00104070aMAINbMAINc1STd2007-11-07ePurchasel0o658.514SANp000007461r2025-07-15 00:00:00yBB